| 000 | 00427nam a2200181Ia 4500 | ||
|---|---|---|---|
| 005 | 20250603145815.0 | ||
| 008 | 250603s9999 xx 000 0 und d | ||
| 020 | _a0-521-54276-6 | ||
| 050 | _aPZ 7 .B74 T35/ | ||
| 100 | _aBrennan, Frank | ||
| 245 | 0 | _aTales of the supernatural | |
| 260 | _aCambridge | ||
| 260 | _bCambridge University Press | ||
| 260 | _c2004 | ||
| 300 | _a64 p | ||
| 650 | _aCambridge | ||
| 942 | _cBK | ||
| 999 |
_c42913 _d42913 |
||